000 00978nam a2200181 a 4500
008 120416s1984 ||||||||||||||||| || u
020 _a0201113333
050 _aHF 5635 Dup
100 _aDupree, Dempsey
245 1 0 _aPrinciples of accounting
260 _aReading, Mass.
_bAddison-Wesley
_c1984
300 _axxxvi, 1069 (251)p. : ill
350 _a0.00
995 _aANNEX COLLECTION (Main Library)
_D0.00
_e709561
_FCBU-MAIN LIBRARY (Kitwe)
_H1
_I23.00
_jHF 5635 Dup
_UAVAILABLE
_y005503
_ZAnnex Low-Usage Collection
995 _aTEXTBOOKS (SB)
_D0.00
_e1240
_FCBU-SCHOOL TEXTBOOK COLLECTIONS
_H1
_I0.00
_jSCHOOL TEXTBOOK
_M4
_UAVAILABLE
_WSep 16, 2009
_y1240
_ZSchool Collections
995 _aBINDERY (DAMAGED)
_D0.00
_e005505
_FCBU-MAIN LIBRARY (Kitwe)
_H2
_I23.00
_jHF 5635 Dup
_UDAMAGED
_y005505
_ZMain Library Open Access Collection
995 _aMAIN LIBRARY OPEN ACCESS
_D0.00
_e005502
_FCBU-MAIN LIBRARY (Kitwe)
_H3
_I23.00
_jHF 5635 Dup
_UAVAILABLE
_y005502
_ZMain Library Open Access Collection
999 _c77288
_d77288